00253nam a22000857a 4500022001500000082001800015245006000033260006700093300000700160 a9559120166 a332.63221 FIE aA Field Manual for Environmental Valuation in Sri Lanka aSri LankabMinistry of Environment and Natural Resourcesc2005 a87